|
|
|
|
| LEADER |
00000nkm a2200000 a 4500 |
| 001 |
vtls001400026 |
| 003 |
SK-MaSNL |
| 005 |
20260301012022.0 |
| 008 |
231206s1970 xo 0k slo |
| 035 |
|
|
|a SNK000354500
|
| 040 |
|
|
|a SNK
|b slo
|c SNK
|e AACR2
|
| 041 |
0 |
|
|a slo
|
| 044 |
|
|
|a xo
|c SK
|
| 080 |
|
|
|a 908.437.626(084.121)
|2 1981
|
| 245 |
1 |
|
|a Trenčianske Teplice
|h grafika
|b Liečebný ústav Machnáč : Kúpalisko Zelená žaba : Liečebný ústav Tri srdcia : Liečebný ústav Pax
|c foto F. Zahradníček
|
| 260 |
|
|
|a Praha
|b Orbis
|c 1970
|
| 300 |
|
|
|a 1 pohľadnica (4 čiast. pohľady)
|c 11x15 cm
|
| 610 |
2 |
7 |
|a Trenčianske Teplice (Slovensko : kúpele)
|2 SNK
|9 187705
|
| 651 |
|
7 |
|a Trenčín (Slovensko : okres)
|2 SNK
|9 75018
|
| 655 |
|
7 |
|a geografické pohľadnice
|2 SNK
|9 70522
|
| 700 |
1 |
|
|a Zahradníček, František
|c (fotograf)
|d 1935-
|4 fot
|9 296354
|
| 958 |
|
|
|a GC
|
| 958 |
|
|
|a GBN
|
| 958 |
|
|
|a TL
|
| 958 |
|
|
|a OND
|
| 999 |
|
|
|c 552449
|d 554379
|
| 952 |
|
|
|t P60, <03>, [BOOK], {603}
|a SNK
|b SNK
|y PREZ
|7 0
|o snkSP 150249
|i snkPV 1748/2000
|0 0
|1 0
|4 0
|d 2000-11-09
|l 0
|r 2005-01-02 00:00:00
|w 2026-02-23
|